La Formación del Estado populista en América Latina
Zapisane w:
| 1. autor: | |
|---|---|
| Format: | Texto |
| Wydane: |
México, D.F.:
Imprenta Madero
|
| Wydanie: | 2 |
| Etykiety: |
Dodaj etykietę
Nie ma etykietki, Dołącz pierwszą etykiete!
|
MARC
| LEADER | 00000 a a2200000 04500 | ||
|---|---|---|---|
| 001 | 22178 | ||
| 003 | |||
| 040 | |a CRAI/IIS |c CRAI/IIS | ||
| 090 | |a 150300 | ||
| 100 | |a Ianni, Octavio | ||
| 245 | |a La Formación del Estado populista en América Latina | ||
| 250 | |a 2 | ||
| 260 | |a México, D.F.: |b Imprenta Madero | ||
| 300 | |a 177 p | ||
| 999 | |c 7026 |d 7026 | ||
